00792nam a2200205 a 450000100100000000500170001000800410002704000240006808200150009210000230010724500440013026000340017430000210020850000210022950400490025059000760029904900090037595201850038499900170056900003488620200930073950.0111021s1970 fr 000 0 spa d aDO-SdBNPbfrcBNPHU axxxbB651s1 aBloch, Marc96044613aLa société féodale /cMarc Bloch. aParis :bAlbin Michel,c1970. a702 p. ;c18 cm. aIncluye índice aIncluye referencias biliográficas y notas. aPerteneció a la biblioteca personal de Juan Isidro Jimenes Grullón. aBNGR 001050718MOaGRbGRcCTd2011-10-21iLF1l0oxxx B651sp34886-10r2020-06-25w2020-06-25y1zPeretenció a la biblioteca personal de Juan Isidro Jimenes GrullónZNo se presta c34377d34377